| Поле | Инд. | ПП | Название | Значение |
|---|---|---|---|---|
| Тип записи | a | |||
| Библиографический уровень | m | |||
| 001 | Контрольный номер | 3824aff4-6ae6-4a12-affd-2685ce8d2f67 | ||
| 005 | Дата корректировки | 20230419145301.3 | ||
| 008 | Кодируемые данные | 080902 | ||
| 020 | a | ISBN | 5-8291-0653-1 (Акад. Проект) | |
| a | ISBN | 5-902358-73-6 | ||
| 040 | a | Служба первич. каталог. | НБ ТвГУ | |
| 041 | 0_ | a | Код языка текста | rus |
| 080 | a | Индекс УДК | 005.7/.9:303.732(075.8) | |
| 084 | a | Индекс другой классификации/Индекс ББК | С84в6я73-1 | |
| 090 | x | Авторский знак | П49 | |
| a | Полочн. индекс | С84в6 | ||
| 100 | 1_ | a | Автор | Ползунова Наталья Николаевна |
| 245 | 10 | a | Заглавие | Исследование систем управления (диагностика) |
| b | Продолж. заглавия | учеб. пособие по специальности "Менеджмент организации" | ||
| c | Ответственность | Н. Н. Ползунова, В. Н. Краев | ||
| 260 | 0_ | a | Место издания | Москва |
| b | Издательство | Трикста | ||
| b | Издательство | Академический Проект | ||
| c | Дата издания | 2006 | ||
| 300 | a | Объем | 231, [3] с. | |
| b | Иллюстрации/ тип воспроизводства | ил., табл. | ||
| 440 | _0 | a | Серия | Gaudeamus |
| a | Серия | Учебное пособие для высшей школы | ||
| 504 | a | Библиография | Библиогр.: с. 230-232. | |
| 650 | 04 | a | Основная рубрика | Системы управления |
| x | Основная подрубрика | Методы исследования | ||
| x | Основная подрубрика | Диагностика | ||
| x | Основная подрубрика | Учебники для вузов | ||
| 650 | 04 | a | Основная рубрика | Управление |
| x | Основная подрубрика | Системный подход | ||
| 653 | 0_ | a | Ключевые слова | Системы управления |
| a | Ключевые слова | Управление | ||
| a | Ключевые слова | Исследование систем управления | ||
| a | Ключевые слова | Диагностика систем управления | ||
| a | Ключевые слова | Методы исследования | ||
| a | Ключевые слова | Консалтинг | ||
| a | Ключевые слова | Управленческое консультирование | ||
| 700 | 1_ | a | Другие авторы | Краев Владимир Николаевич |
| e | Роль лиц | авт. | ||
| 852 | 41 | i | Расстановочный признак | Проверка 2023 |
| 920 | a | Оператор | Семен | |
| 930 | a | Новая/Ретро | учебники | |
| 952 | c | Вид литературы | К ру | |
| 954 | a | Дата поступления на обработку | 20080909 | |
| e | Дата перешифровки | 20230419 |